NSTP : understanding the national service training program / Florida C. Labuguen, Ed.D. [and six others]. (Record no. 21570)

000 -LEADER
fixed length control field 00685nam a22001817a 4500
020 ## - INTERNATIONAL STANDARD BOOK NUMBER
ISBN 9786210800012
082 ## - DEWEY DECIMAL CLASSIFICATION NUMBER
Classification number 378.103
Item number L127 2023
100 ## - MAIN ENTRY--AUTHOR NAME
Personal name Labuguen, Florida C., author.
245 ## - TITLE STATEMENT
Title NSTP : understanding the national service training program / Florida C. Labuguen, Ed.D. [and six others].
250 ## - EDITION STATEMENT
Edition statement Revised edition.
260 ## - PUBLICATION, DISTRIBUTION, ETC. (IMPRINT)
Place of publication Malabon City :
Name of publisher Mutya Publishing House, Inc.,
Year of publication ©2023.
300 ## - PHYSICAL DESCRIPTION
Number of Pages 316 pages :
Other physical details illustrations ; 26 cm.
500 ## - GENERAL NOTE
General note Includes bibliographical references.
650 ## - SUBJECT ADDED ENTRY--TOPICAL TERM
Topical Term Service training -- Philippines.
650 ## - SUBJECT ADDED ENTRY--TOPICAL TERM
Topical Term Military education -- Philippines.
650 ## - SUBJECT ADDED ENTRY--TOPICAL TERM
Topical Term Student volunteers in social service -- Philippines.
942 ## - ADDED ENTRY ELEMENTS (KOHA)
Koha item type Books
Holdings
Source of acquisition Permanent Location Date acquired Koha item type Collection code Accession Number Lost status Shelving location Withdrawn status Current Location Full call number
SchoolCagayan State University - Carig Library2025-12-04BooksSocial Sciences011268 General Collection Cagayan State University - Carig Library378.103 L127 2023
SchoolCagayan State University - Carig Library2025-12-04BooksSocial Sciences011269 General Collection Cagayan State University - Carig Library378.103 L127 2023
SchoolCagayan State University - Carig Library2025-12-04BooksSocial Sciences011270 General Collection Cagayan State University - Carig Library378.103 L127 2023

Cagayan State University University Library, Carig Campus
Tuguegarao City, Cagayan 3500 | www.csucarig.edu.ph

Powered by Koha